Narendra Modi The Game Changer / (Record no. 196027)
[ view plain ]
| 000 -LEADER | |
|---|---|
| fixed length control field | 00563nam a22001817a 4500 |
| 005 - DATE AND TIME OF LATEST TRANSACTION | |
| control field | 20230517152621.0 |
| 010 ## - LCCN (DPL NO) | |
| LC control number | ENG-136947 |
| 020 ## - INTERNATIONAL STANDARD BOOK NUMBER | |
| International Standard Book Number | 9789382711186 |
| Terms of availability | 399.00 |
| 035 ## - SYSTEM CONTROL NUMBER | |
| System control number | EN-120479 |
| 037 ## - SOURCE OF ACQUISITION | |
| Source of stock number/acquisition | DBAD/PUB |
| 082 ## - DEWEY DECIMAL CLASSIFICATION NUMBER | |
| Classification number | 923 |
| 100 ## - MAIN ENTRY--PERSONAL NAME | |
| Personal name | Verma, Sudesh |
| 245 ## - TITLE STATEMENT | |
| Title | Narendra Modi The Game Changer / |
| Statement of responsibility, etc | By Sudesh Verma |
| 260 ## - PUBLICATION, DISTRIBUTION, ETC. (IMPRINT) | |
| Name of publisher, distributor, etc | Vitasta Publishing Pvt Ltd |
| Date of publication, distribution, etc | 2017 |
| Place of publication, distribution, etc | New Delhi |
| 270 ## - ADDRESS | |
| Address | 2-15, Ansari Road, Darya Ganj |
| City | New Delhi |
| Postal code | 110002 |
| Electronic mail address | info@vitastapublishing.com |
| 300 ## - PHYSICAL DESCRIPTION | |
| Extent | 457p.; |
| Dimensions | 22cm(pbk) |
| 942 ## - ADDED ENTRY ELEMENTS (KOHA) | |
| Source of classification or shelving scheme | Dewey Decimal Classification |
| Item type | English Books |
| Classification part | 923 |
| Call number suffix | VER |
| Withdrawn status | Lost status | Not for loan | Collection code | Home library | Current library | Date acquired | Source of acquisition | Cost, normal purchase price | Full call number | Barcode | Copy number | Cost, replacement price | Koha item type |
|---|---|---|---|---|---|---|---|---|---|---|---|---|---|
| Non-fiction | Ashok Vihar | Ashok Vihar | 17/05/2023 | DBAD/PUB | 399.00 | 923 VER | EN-120479 | 1 | 399.00 | English Books |
